Loading...

Labour management relations in public sector undertakings

Bibliographic Details
Main Author: Arya,P.P
Format: Printed Book
Language:English
Published: New Delhi Deep and deep publications 1989
Subjects:
LEADER 00515nam a22001577a 4500
003 OSt
008 100923t xxu||||| |||| 00| 0 eng d
080 |a 349.2  |b ARY 
100 |a Arya,P.P  |9 16936 
245 |a Labour management relations in public sector undertakings 
260 |a New Delhi  |b Deep and deep publications  |c 1989 
300 |a 312p. 
653 |a Labour law 
942 |c BK  |6 _ 
999 |c 195397  |d 195397 
952 |0 0  |1 0  |4 0  |6 3492_ARY  |7 0  |8 GEN  |9 251156  |a SLS  |b SLS  |d 2010-09-23  |o 349.2 ARY  |p SLS016323  |r 2010-09-23  |t 1  |w 2010-09-23  |y BK